Spoločenská zodpovednosť podniku - príležitosť alebo módny výstrelok?
Corporate social responsibility (CSR), sociálna (spoločenská) zodpovednosť firiem. Aktivity v podniku v oblasti CSR ako hlavné konkurenčné faktory. Spoločenská zodpovednosť podniku, dlhodobý záväzok obojstrannej a prospešnej spolupráce medzi podnikom a partnerom. Prínosy CSR pre podnik.
Saved in:
| Main Author: | |
|---|---|
| Format: | Book Chapter |
| Language: | Slovak |
| Subjects: | |
| Tags: |
No Tags, Be the first to tag this record!
|
MARC
| LEADER | 00000naa$a2200000$$$4500 | ||
|---|---|---|---|
| 001 | 0117160 | ||
| 005 | 20230912094844.9 | ||
| 041 | 0 | |a slo | |
| 044 | |a SK | ||
| 245 | 1 | 0 | |a Spoločenská zodpovednosť podniku - príležitosť alebo módny výstrelok? |c Miroslava Milecová |
| 520 | |a Corporate social responsibility (CSR), sociálna (spoločenská) zodpovednosť firiem. Aktivity v podniku v oblasti CSR ako hlavné konkurenčné faktory. Spoločenská zodpovednosť podniku, dlhodobý záväzok obojstrannej a prospešnej spolupráce medzi podnikom a partnerom. Prínosy CSR pre podnik. | ||
| 610 | 2 | 0 | |a marketing |
| 610 | 2 | 0 | |a zodpovednosť spoločenská |
| 610 | 2 | 0 | |a podnikanie zodpovedné |
| 610 | 2 | 0 | |a stratégia podniková |
| 610 | 2 | 0 | |a kultúra podniková |
| 610 | 2 | 0 | |a účasť na riadení |
| 610 | 2 | 0 | |a účasť na zisku |
| 610 | 2 | 0 | |a prostredie životné |
| 610 | 2 | 0 | |a efektívnosť sociálno-ekonomická |
| 100 | 1 | |a Milecová, Miroslava | |